Parallel programming /

Salvato in:
Dettagli Bibliografici
Autore principale: Perrott, R.H (Autore)
Natura: Libro
Lingua:inglese
Pubblicazione: Wokingham : Addison-Wesley Publishing Company, 1987
Soggetti:
Tags: Aggiungi Tag
Nessun Tag, puoi essere il primo ad aggiungerne!!

MARC

LEADER 00000nam a22000003a 4500
001 stu2821
005 20150617225625.4
008 921221s1987----uk------------------eng-d
020 |a 0-201-14231-7 
040 |a STU  |b slo 
041 0 |a eng 
044 |a uk 
080 |a 681.32.013 
080 |a 519.687 
100 1 |a Perrott, R.H  |4 aut 
245 1 |a Parallel programming /  |c [aut.] Perrott,R.H 
260 |a Wokingham :  |b Addison-Wesley Publishing Company,  |c 1987 
300 |a 252 s 
650 7 |a programovanie  |2 stusub 
650 7 |a paralelné programovanie  |2 stusub 
650 7 |a paralelné počítače  |2 stusub 
650 7 |a paralelné spracovanie  |2 stusub 
996 |b 284IK06910  |c I*18PD4698  |l I  |s A  |a 24  |w stu2821_0001